Martín Fernández de Navarrete, el marino historiador (1765-1844) (Record no. 189125)

MARC details
000 -LEADER
campo de control de longitud fija 00869nam a2200205 i 4500
001 - NÚMERO DE CONTROL
campo de control 189125
003 - IDENTIFICADOR DE NÚMERO DE CONTROL
campo de control ES-MaACL
005 - FECHA Y HORA DE LA ÚLTIMA TRANSACCIÓN
campo de control 20240613145647.0
008 - DATOS DE LONGITUD FIJA--INFORMACIÓN GENERAL
campo de control de longitud fija 190403s1995 sp |||| | spa d
245 00 - MENCIÓN DEL TÍTULO
Título Martín Fernández de Navarrete, el marino historiador (1765-1844)
Resto del título : ciclo de conferencias, noviembre 1994.
260 ## - PUBLICACIÓN, DISTRIBUCIÓN, ETC.
Lugar de publicación, distribución, etc. Madrid :
Nombre del editor, distribuidor, etc. Instituto de Historia y Cultura Naval,
Fecha de publicación, distribución, etc. 1995.
300 ## - DESCRIPCIÓN FÍSICA
Extensión 73 p. ;
Dimensiones 24 cm.
490 1# - MENCIÓN DE SERIE
Mención de serie Cuadernos monográficos del Instituto de Historia y Cultura Naval ;
Designación de volumen o secuencia 24
594 ## - Nota al título y mención de responsabilidad
Nota al título y mención de responsabilidad Precede al tít.: XI Jornadas de Historia Marítima.
600 14 - PUNTO DE ACCESO ADICIONAL DE MATERIA--NOMBRE DE PERSONA
Nombre de persona Fernández de Navarrete, Martín,
Fechas asociadas al nombre 1765-1844
9 (RLIN) 49698
710 2# - ENTRADA AGREGADA--NOMBRE DE ENTIDAD CORPORATIVA
Nombre de entidad corporativa o nombre de jurisdicción como elemento de entrada Instituto de Historia y Cultura Naval (Madrid)
9 (RLIN) 4957
830 1# - PUNTO DE ACCESO ADICIONAL DE SERIE-TÍTULO UNIFORME
Título uniforme Cuadernos monográficos del Instituto de Historia y Cultura Naval ;
Designación de volumen o secuencia 24
9 (RLIN) 193258
852 ## - LOCALIZACIÓN
Ubicación ES-MaACL
Número de control de estantería 2339-F-22
Holdings
Estatus retirado Estado de pérdida Estado de daño No para préstamo Colección Biblioteca de origen Biblioteca actual Ubicación en estantería Fecha de adquisición Fuente de adquisición Total de préstamos Signatura topográfica completa Código de barras Visto por última vez Precio de reemplazo Tipo de ítem Koha
        Colección de folletos Biblioteca del Ateneo de Madrid Biblioteca del Ateneo de Madrid Depósito folletos 03/04/2019     2339-F-22 1200304 23/02/2023 23/02/2023 Folleto